LDR 00635naa#a2200169#i#450# 001 EN\\bibl\116350 005 20260604010145.4 011 ## _a1813-4327 100 ## _a20240930b2024####ek#y0engy0150####ca 102 ## _aRU 200 1# _aFEATURES OF THE SHOT MARKS FORMED WHEN FIRING FROM THE AIR RIFLE "HATSAN 70" (TURKEY) ON VARIOUS TYPES OF OBSTACLES _eJournal article 210 1# _aVolgograd _cVolgograd Academy of the Ministry of Internal Affairs of Russia _d2024 215 ## _a13 с. 608 ## _aJournal article _2local 675 ## _aСудебная баллистика. 343.983.22 _z 700 #1 _aLatyshov _gIgor Vladimirovich 856 4# _ava-mvd.editorum.ru _u